| 000 | 00597nam a22002057a 4500 | ||
|---|---|---|---|
| 003 | 0 | ||
| 005 | 20250103114807.0 | ||
| 008 | 250103b xxu||||| |||| 00| 0 eng d | ||
| 020 | _a9781641730249 | ||
| 050 |
_aQA 155 _b.B87 2024 |
||
| 100 |
_aBurke, Joanna _eauthor. |
||
| 245 |
_aAlgebra : _ban introduction / _cJoanna Burke. |
||
| 260 |
_aNew York, NY : _bLarsen & Keller, _c2024. |
||
| 300 |
_avii, 200 p. : _bcol. ill. ; _c27 cm. |
||
| 440 | _aTextbook series. | ||
| 504 | _aIncludes bibliographical references and index. | ||
| 650 | _aAlgebra. | ||
| 650 | _aMathematics. | ||
| 942 |
_2lcc _cBK |
||
| 999 |
_c366863 _d366863 |
||